Riconosci il Pokémon - Quiz n°408 - Statistics

Statistiche generali
  • Questo quiz è stato fatto 0 volte
  • Il punteggio medio è 0 su 10
Statistiche sulle risposte
Indizio Risposta % Corretto
Altezza 1,20 m
0%
Peso 39,2 kg
0%
Sesso 50% ♂, 50% ♀
0%
Tasso di cattura 90 (20.1%)
0%
Pokémon Breloom
0%
Tipo Erba / Lotta
0%
Tasso di allevamento Fluttuante
0%
Stadio evoluzione Prima evoluzione
0%
Abilità Spargispora; Velencura, Tecnico
0%
Generazione Terza
0%
Nessun quiz corrispondente trovato
Distribuzione punteggi
Percentuale di utenti per punteggio
Percentile per numero di risposta
I tuoi punteggi nel tempo
Non hai fatto questo quiz